000
00289nam a22001337a 4500
008
171201b xxu||||| |||| 00| 0 eng d
020
_a
9781598635010
041
_a
eng
080
_a
78
100
_a
45
101
_a
MUZ
245
_a
RECORDING ON THE GO
_c
GOTTLIEB, G
942
_2
udc
_c
BK
999
_c
38649
_d
38649